000 00575nam a2200145 a 4500
001 000034911
005 20200930074000.0
008 111021s19uu xxu 000 0 spa d
040 _aDO-SdBNP
_bspa
_cBNPHU
245 0 0 _aThe Holy Bible :
_bcontaining the Old and New Testaments /
_ctr. out of the original tongues, and with the former translations diligently compared and revised by his majesty's special command.
260 _aMichigan,
_cZondervan Publishing Hause.
300 _a1137, 126, p. :
_bil. ;
_c20 cm.
500 _aTextos a dos columnas
500 _aIncluye índice
999 _c34402
_d34402